1771 1033 1028 1395 1342 1979 1485 1232 1706 1858 1719 1148 1864 1612 1096 1291 1788 1914 1194 1855 1581 1948 1062 1115 1156 1669 1946 1108 1664 1875 1359 1627 1490 1964 1851 1220 1651 1497 1348 1481 1585 1380 1968 1340 1208 1392 1379 1715 1560 1553 1496 1842 1942 1859 1951 1795 1489 1066 1662 1088 1620 1438 1499 1869 1832 1470 1195 1473 1650 1426 1672 1135 1394 1618 1608 1927 1185 1227 1519 1744 1518 1678 1525 1849 1483 1774 1495 1316 1110 1946 1639 1946 1238 1509 1269 1106 1467 1499 1936 BCNSPRNW ULIB Ver.6.0+V

เปลี่ยนเป็นภาษาไทย

Change to English
 แสดงรายละเอียดบรรณานุกรม
  กลับหน้าหลัก

Brief Record : Get Marc (ISO 2709) : E-mail record : QR code < ปิดหน้าต่าง
LEADER : 00000nam 2200000uu 4500
001    13399114618
003     ULIB
008    120424s2543||||th 000 0 tha d
020    ^a9748465381
060 04 ^aWA 540^bส941ก 2543
100 0  ^aสำนักงานคณะกรรมการการสาธารณสุขมูลฐาน สำนักงานปลัดกระทรวงสาธารณสุข
245 10 ^aการศึกษา พลังชุมชนและประชาคมด้านสุขภาพ /^cสำนักงานคณะกรรมการการสาธารณสุขมูลฐาน
250    ^aพิมพ์ครั้งที่ 1
260    ^aสำนักงานปลัดกระทรวงสาธารณสุข :^bสำนักงานคณะกรรมการการสาธารณสุขมูลฐาน,^c2543
300    ^a203หน้า ;^c26 ซม.
995    ^aกัณชพร
999    ^aใช้งานได้ทุกระบบ
รายการนี้ยังไม่มีแท็ก
คุณยังไม่ได้ล็อกอิน คุณสามารถมีกิจกรรมร่วมกับเว็บไซต์ได้ แต่ต้องล็อกอินก่อน ::
  ล็อกอิน

รายการสื่อสารสนเทศ

ลำดับที่ ประเภท เลขเรียก/บาร์โค้ด สถานที่ สถานะ
- ไม่พบข้อมูล -

BibComment


ยังไม่เคยถูกคอมเมนท์

คอมเมนท์ทรัพยากรรายการนี้
  คอมเมนท์: การศึกษา พลังชุม..


 Copyright 2026. Bcnsprnw @Library